| 000 | 00969nas a2200313 4500 | ||
|---|---|---|---|
| 001 | BR2015000484 | ||
| 003 | BR-BrBNA | ||
| 005 | 20231205124942.0 | ||
| 007 | ta | ||
| 008 | 230509b bl.|||p| |||| 00| 00por d | ||
| 040 |
_aBR-BrBNA _bpor _cBiblioteca Nacional de Agricultura |
||
| 041 | _a(En) | ||
| 072 | _aL70 | ||
| 100 | 1 | _aOrtega, P. | |
| 100 | 1 | _aSantos, R.A. | |
| 100 | 1 | _aLacouth, P. | |
| 100 | 1 | _aRozas, E.E. | |
| 100 | 1 | _aCustódio, M.R. | |
| 100 | 1 | _aZanotto, F.P. | |
| 245 | 1 | _aCytochemical characterization of gill and hepatopancreatic cells of the crab Ucides cordatus (Crustacea, Brachyura)validated by cell metal transport | |
| 650 | _aCARANGUEJO | ||
| 650 | _aCELULA ANIMAL | ||
| 650 | _aCITOLOGIA | ||
| 650 | _aMITOCONDRIA | ||
| 650 | _aCADMIO | ||
| 773 | 0 |
_tIheringia. Série Zoologia (Brazil) _xISSN 0073-4721 _g(Sep 2014), v. 104(3) p. 347-354 _wBR2015000484 |
|
| 909 |
_a202311 _bLúcia _c55 _dLúcia Elande |
||
| 942 |
_2AGRIS _n0 _cANA |
||
| 999 |
_c241803 _d241803 |
||